| 000 | 01048nam a22003137a 4500 | ||
|---|---|---|---|
| 001 | 6294 | ||
| 003 | FISKH | ||
| 005 | 20250409135736.0 | ||
| 008 | 250409b cb ||||| |||| 00| 0 eng d | ||
| 020 | _a0590466399 | ||
| 040 |
_aDLC _cDLC _dDLC _beng |
||
| 050 | _aPZ7.K6797 H | ||
| 082 | _a813 | ||
| 100 | 1 |
_aKline, Suzy _d(1943-) |
|
| 245 | 1 | 0 |
_aHorrible Harry and the kickball wedding / _cby Suzy Kline ; pictures by Frank Remkiewicz. |
| 250 | _aThis edition first published in 1995 | ||
| 260 |
_aNew York : _bScholastic, _c1992. |
||
| 300 |
_a52 pages : _billustrations ; _c20 cm. |
||
| 505 | _aL | ||
| 520 | _aAs Valentine's Day approaches, the students in Room 2B are preoccupied with kickball and a possible wedding between Horrible Harry and Song Lee. | ||
| 521 | 8 |
_a510
_bLexile |
|
| 521 | 8 |
_aL
_bRaz-Plus |
|
| 650 | 1 |
_aSchools _xFiction. |
|
| 650 | 1 |
_aValentine's Day _xFiction. |
|
| 700 | 1 |
_aRemkiewicz, Frank _eillustrator |
|
| 906 |
_a7 _bcbc _corignew _d1 _eocip _f19 _gy-gencatlg |
||
| 942 |
_2ddc _cBK _n0 |
||
| 999 |
_c6294 _d6294 |
||